000 00819nas a2200241 a 4500
005 20171122143140.0
008 910704c19701999dk uu p 0 0eng d
022 _a0013-8711
040 _aCO-BoIAVH
_cCO-BoIAVH
041 0 _aeng
044 _adk
090 _aSE
245 0 0 _aEntomologica scandinavica
246 4 1 _aEntomologica scandinavica
_bAn International Journal of Systematic Entomology
260 _aCopenague (Noruega) :
_bMunksgaard ;
_aSvendborg (Dinamarca) :
_bApollo Books,
_c1970-99.
300 _bilustraciones ;
_c24 cm.
310 _aq
650 2 6 _aEntomología
_vPublicaciones periódicas
650 2 6 _aInsecta
_vPublicaciones periódicas
710 2 _aSocietas Entomologica Scandinavica
785 0 0 _tInsect systematics and evolution
_x0013-8711
942 _2z
_cREVISTA
999 _c19973
_d19973